| 000 | 00692nam a22001577a 4500 | ||
|---|---|---|---|
| 008 | 160428b xxu||||| |||| 00| 0 eng d | ||
| 082 |
_22013 _aUT 0451 _bAa12 |
||
| 100 |
_96729 _aAƱabieza, Carla Jean D. |
||
| 245 |
_aMotivational factors and the level of performance of the Student Training Assistants (STA'S) in University of Mindanao Digos City/ _cCarla Jean D. AƱabieza, Ruby Jane J. Montero and Jennifer M. Diamante. |
||
| 260 |
_aDigos City: _bUMDC _cJune 2013. |
||
| 300 |
_a73 pages; _c30 cm. |
||
| 650 | 0 |
_96728 _aBusiness Administration _xFinancial Management _yUndergraduate thesis. |
|
| 700 |
_96726 _aMontero, Ruby Jane J. |
||
| 700 |
_96727 _aDiamante, Jennifer M. |
||
| 942 |
_2ddc _cUT |
||
| 999 |
_c2082 _d2082 |
||